| 000 | 00958pab a2200169 454500 | ||
|---|---|---|---|
| 008 | 180718b2004 xxu||||| |||| 00| 0 eng d | ||
| 100 | _aBanerjee Ashok | ||
| 245 | _aAvailability based tariff: an economic instrument for grid disciplie | ||
| 260 | _c2004 | ||
| 300 | _ap.3939-946. | ||
| 362 | _a28 Aug | ||
| 520 | _aThe basic objective of power sector reform in India has been twofold: provide electricity at an affordable price, and improve the quality of supply. Availability-based tariff (ABT), as an economic instrument, has successfully addressed both the issues: rationalise the tariff structure and ensure quality supply at the grid-level by defining a playing rule for both the generators and the beneficiary states. ABT has also been successful in devising an incentive system to arrest grid indiscipline. - Reproduced. | ||
| 650 | _aPower industry | ||
| 700 | _aBanerjee, Sayantan | ||
| 773 | _aEconomic and Political Weekly | ||
| 909 | _a62315 | ||
| 999 |
_c62315 _d62315 |
||